Loading...
| Fine Arts - Visual Fine Arts | 0 | 8 | 0 | 4 | 80 | 126 | 133.88 | 0 | 6 |
| Fine Arts - Auditory Fine Arts | 0 | 5 | 0 | 0 | 50 | 117 | 129.00 | 0 | 5 |
| Philosophy | 0 | 5 | 1 | 1 | 45 | 128 | 132.40 | 0 | 4 |
| Social Science | 0 | 4 | 0 | 1 | 40 | 102 | 114.50 | 0 | 2 |
| Literature - European Literature | 0 | 4 | 0 | 0 | 40 | 99 | 112.00 | 1 | 4 |
| Literature - American Literature | 0 | 4 | 1 | 1 | 35 | 111 | 129.75 | 0 | 4 |
| Literature - World Literature | 0 | 4 | 1 | 0 | 35 | 125 | 128.25 | 0 | 2 |
| Fine Arts - Other Fine Arts | 0 | 3 | 0 | 1 | 30 | 104 | 130.67 | 0 | 3 |
| Science - Physics | 0 | 3 | 0 | 2 | 30 | 120 | 121.00 | 0 | 3 |
| Literature - British Literature | 0 | 4 | 2 | 0 | 30 | 105 | 120.75 | 1 | 2 |
| Science - Other Science | 0 | 2 | 0 | 0 | 20 | 121 | 123.00 | 0 | 1 |
| Science - Chemistry | 0 | 2 | 1 | 0 | 15 | 99 | 106.50 | 0 | 1 |
| Religion | 0 | 2 | 1 | 0 | 15 | 125 | 127.00 | 0 | 2 |
| History - American History | 0 | 1 | 0 | 1 | 10 | 135 | 135.00 | 0 | 1 |
| History - Other History | 0 | 2 | 2 | 2 | 10 | 128 | 137.00 | 0 | 0 |
| Mythology | 0 | 2 | 2 | 0 | 10 | 114 | 123.00 | 1 | 2 |
| Mythology- Edited | 0 | 1 | 0 | 1 | 10 | 130 | 130.00 | 0 | 1 |
| Geography | 0 | 1 | 0 | 0 | 10 | 127 | 127.00 | 0 | 1 |
| Pop Culture | 0 | 1 | 0 | 0 | 10 | 125 | 125.00 | 0 | 1 |
| Science - Biology | 0 | 1 | 1 | 0 | 5 | 96 | 96.00 | 1 | 1 |
| Popular Culture | 0 | 0 | 0 | 0 | 0 | 0.00 | 0 | 0 | |
| History - World History | 0 | 0 | 1 | 0 | -5 | 0.00 | 0 | 0 | |
| History - European History | 0 | 0 | 2 | 0 | -10 | 0.00 | 0 | 0 |